Boston - Culture générale - Statistiques

Statistiques générales
  • Ce quiz a été pris 518 fois
  • Le résultat moyen est 9 sur 15
Statistiques - réponses
Information Réponse % Correct
Prestigieuse université basée sur la commune de Cambridge H{arvard}
95%
État dont Boston est la capitale Massachusetts
85%
Pays européen dont 50% des habitants étaient émigrants en 1900 Irlande
84%
Événement déclencheur de la guerre d'indépendance américaine Boston {Tea} Party
76%
Région composée de 6 états du nord des USA dont Boston est le centre Nouvelle-{Angleterre}
74%
Ville célèbre pour ses multiples exécutions de sorcières présumées Salem
70%
Équipe de NBA qui joue pour les couleurs de la ville Celtics
67%
Nom de la mégalopole qui commence à Boston Bos{Wash}
62%
Famille célèbre de cette origine qui a notamment donné un président Kennedy
56%
Père fondateur des USA représenté sur les billets de $100 Benjamin Franklin
49%
Équipe de baseball qui réside au Fenway Park Red Sox
43%
Groupe de hard rock ayant chanté Cryin' ou Dream On Aerosmith
39%
Fleuve côtier qui porte le nom d'un roi anglais Charles
29%
Film de Scorsese illustrant des affaires de mafia dans le sud de Boston Les Infiltrés
24%
Écrivain, auteur des Aventures d'Arthur Gordon Pym Edgar Allan Poe
20%
Aucun quiz correspondant
Distribution des résultats
% des personnes avec chaque résultat
Percentile par nombre de réponses
Votre historique - résultats
Vous n’avez pas pris ce quiz